书目信息 |
| 题名: |
STEM教育视域下的幼儿科学素养发展研究
|
|
| 作者: | 娄小韵 著 | |
| 分册: | ||
| 出版信息: | 长春 东北师范大学出版社 2019.03 |
|
| 页数: | 214页 | |
| 开本: | 24cm | |
| 丛书名: | ||
| 单 册: | ||
| 中图分类: | G613.3 | |
| 科图分类: | ||
| 主题词: | 科学实验--学前教育--教学参考资料 | |
| 电子资源: | ||
| ISBN: | 978-7-5681-4883-2 | |
| 000 | 00955nam0 2200229 450 | |
| 001 | 0103152659 | |
| 005 | 20201103152732.0 | |
| 010 | @a978-7-5681-4883-2@dCNY53.00 | |
| 100 | @a20190731d2019 em y0chiy50 ea | |
| 101 | 0 | @achi |
| 102 | @aCN@b220000 | |
| 105 | @ay z 000yy | |
| 106 | @ar | |
| 200 | 1 | @aSTEM教育视域下的幼儿科学素养发展研究@ASTEM jiao yu shi yu xia de you er ke xue su yang fa zhan yan jiu@f娄小韵著 |
| 210 | @a长春@c东北师范大学出版社@d2019.03 | |
| 215 | @a214页@d24cm | |
| 330 | @a本书主要内容包括STEM教育的概述,幼儿科学素养概述,幼儿园科学教育的制度建设,STEM教育视域下的幼儿科学课程目标及制定,STEM教育视域下的幼儿科学课程设计与实施,STEM教育视域下的幼儿科学教学策略,STEM教育视域下的幼儿科学教学评价、STEM教育下的幼儿科学素养发展的教学活动等。 | |
| 606 | 0 | @a科学实验@x学前教育@j教学参考资料 |
| 690 | @aG613.3@v5 | |
| 701 | 0 | @a娄小韵@Alou xiao yun@4著 |
| 801 | 0 | @aCN@bBJSZM@c20201103 |
| 905 | @b1257661-5@dG613.3@e1097@f5 | |
| STEM教育视域下的幼儿科学素养发展研究/娄小韵著.-长春:东北师范大学出版社,2019.03 |
| 214页;24cm |
| ISBN 978-7-5681-4883-2:CNY53.00 |
| 本书主要内容包括STEM教育的概述,幼儿科学素养概述,幼儿园科学教育的制度建设,STEM教育视域下的幼儿科学课程目标及制定,STEM教育视域下的幼儿科学课程设计与实施,STEM教育视域下的幼儿科学教学策略,STEM教育视域下的幼儿科学教学评价、STEM教育下的幼儿科学素养发展的教学活动等。 |
| ● |
| 相关链接 |
|
|
|
|
正题名:STEM教育视域下的幼儿科学素养发展研究
索取号:G613.3/1097
 
预约/预借
| 序号 | 登录号 | 条形码 | 馆藏地/架位号 | 状态 | 备注 |
| 1 | 1257661 | 212576611 | 第一样本阅览室/ [索取号:G613.3/1097] | 在馆 | |
| 2 | 1257662 | 212576620 | 教育系资料室/ [索取号:G613.3/1097] | 在馆 | |
| 3 | 1257663 | 212576639 | 教育系资料室/ [索取号:G613.3/1097] | 在馆 | |
| 4 | 1257664 | 212576648 | 第四借阅区/ [索取号:G613.3/1097] | 在馆 | |
| 5 | 1257665 | 212576657 | 第四借阅区/ [索取号:G613.3/1097] | 在馆 |